000 00985nam a2200301 a 4500
999 _c5110
_d5110
001 16900357
003 OSt
005 20181220133748.0
008 870610s1987 mnu 000 0 eng
010 _a87018433
020 _a0871239299 (pbk.) :
_c5.95
040 _aDLC
_cDLC
_dOBE
043 _an-us---
050 0 _aBV3790
_b.F5325 1987
082 0 _a243
_219
_bF514P
099 _aBV3790.F5325 1987
100 1 _aFinney, Charles G.,
_d1792-1875
240 1 0 _aSermons on important subjects.
_kSelections
245 1 0 _aPrinciples of revival /
_cCharles G. Finney ; compiled and edited by Louis Gifford Parkhurst
260 _aMinneapolis, Minn. :
_bBethany House Publishers,
_cc1987
300 _a216 p. ;
_c21 cm
500 _aSelections from the author's Sermons on important subjects
650 0 _aRevivals
650 0 _aConversion
690 _aOberlin College author
_xAdministration
_xFinney, Charles G
700 1 0 _aParkhurst, Louis Gifford,
_d1946-
942 _2ddc
_cBK